00972 2200337 4500001002100000005001500021035002000036007000300056040001700059100003000076245006800106300003500174041000800209082001100217090002000228264003200248336002100280337003000301338002300331630001900354650001900373850001000392008004100402020001800443084001700461700004700478700004000525990002300565990002300588990002300611INLIS00000000000726720260603093120 a0010-0822000241ta aSBPUPADbInd1 aPaul StrathernePengarang1 aOppenheimer & Bom Atom /cPaul Strathern; Editor, Theresia Vini a104 hlm. :bilus ;c13 x 19 cm17aInd a623.45 a628 CAN a L20-3 aJakarta; :bErlangga,c2003 2rdacontentateks 2rdamediaatanpa perantara 2rdacarrieravolume aWater and Life 4aSenjata Nuklir aPUPAD260603 0  a979-688-515-8 a623.45 PAU o0 aPenerjemah, Fransisca PetrajaniePengarang0 aEditor ke-2, Tri BharataePengarang a5690/BR/ARPUS.2008 a5688/BR/ARPUS.2008 a5689/BR/ARPUS.2008